Катящийся токосъем в машинах постоянного тока; Известия Томского политехнического университета [Известия ТПУ]; Т. 311, № 4 : Энергетика

Detalhes bibliográficos
Parent link:Известия Томского политехнического университета [Известия ТПУ]/ Томский политехнический университет (ТПУ).— , 2000-
Т. 311, № 4 : Энергетика.— 2007.— [С. 123-126]
Autor principal: Авилов В. Д.
Outros Autores: Попов Д. И.
Resumo:Заглавие с титульного листа
Электронная версия печатной публикации
Разработан новый способ катящегося токосъема, проведено его теоретическое исследование, изготовлен действующий макетный образец токосъемного устройства, использующего контакт качения.
Idioma:russo
Publicado em: 2007
Colecção:Энергетика
Assuntos:
Acesso em linha:http://www.lib.tpu.ru/fulltext/v/Bulletin_TPU/2007/v311/i4/27.pdf
Formato: MixedMaterials Recurso Electrónico Capítulo de Livro
KOHA link:https://koha.lib.tpu.ru/cgi-bin/koha/opac-detail.pl?biblionumber=172653

MARC

LEADER 00000nla2a2200000 4500
001 172653
005 20231031164334.0
035 |a (RuTPU)RU\TPU\book\187226 
035 |a RU\TPU\book\187213 
090 |a 172653 
100 |a 20091215d2007 k y0rusy50 ca 
101 0 |a rus 
102 |a RU 
135 |a drnn ---uucaa 
181 0 |a i  
182 0 |a b 
200 1 |a Катящийся токосъем в машинах постоянного тока  |b Электронный ресурс  |f В. Д. Авилов, Д. И. Попов 
203 |a Текст  |c электронный 
215 |a 1 файл (479 Кб) 
225 1 |a Энергетика 
230 |a Электронные текстовые данные (1 файл : 479 Кб) 
300 |a Заглавие с титульного листа 
300 |a Электронная версия печатной публикации 
320 |a [Библиогр.: с. 126 (6 назв.)] 
330 |a Разработан новый способ катящегося токосъема, проведено его теоретическое исследование, изготовлен действующий макетный образец токосъемного устройства, использующего контакт качения. 
337 |a Adobe Reader 
461 1 |0 (RuTPU)RU\TPU\book\176237  |t Известия Томского политехнического университета [Известия ТПУ]  |f Томский политехнический университет (ТПУ)  |d 2000- 
463 1 |0 (RuTPU)RU\TPU\book\187129  |x 1684-8519  |t Т. 311, № 4 : Энергетика  |v [С. 123-126]  |d 2007  |p 158 с. 
610 1 |a катящийся токосъем 
610 1 |a машины 
610 1 |a постоянный ток 
610 1 |a теоретические исследования 
610 1 |a макетные образцы 
610 1 |a токосъемные устройства 
610 1 |a качение 
610 1 |a электронный ресурс 
700 1 |a Авилов  |b В. Д. 
701 1 |a Попов  |b Д. И. 
801 1 |a RU  |b 63413507  |c 20090623  |g PSBO 
801 2 |a RU  |b 63413507  |c 20211116  |g PSBO 
856 4 |u http://www.lib.tpu.ru/fulltext/v/Bulletin_TPU/2007/v311/i4/27.pdf 
942 |c CF